000 00286nam a22001337a 4500
008 170727b xxu||||| |||| 00| 0 eng d
020 _a9781590596869
041 _aeng
080 _a004
100 _a31
101 _aSHKI
245 _aBEGINNING RAILS
_cHARDY, J.A
942 _2udc
_cBK
999 _c22049
_d22049